000 01472nam a2200337 a 4500
001 ebr10313149
003 CaPaEBR
006 m u
007 cr cn|||||||||
008 071204s2008 stkab sb 000 0 eng
010 _z 2008425214
015 _aGBA804858
_2bnb
016 7 _z014488080
_2Uk
020 _z9781903765883 (hbk.)
040 _aCaPaEBR
_cCaPaEBR
035 _a(OCoLC)666933669
050 1 4 _aQE754
_b.T74 2008eb
082 0 4 _a560.9411
_222
100 1 _aTrewin, N. H.
245 1 0 _aFossils alive! or, new walks in an old field
_h[electronic resource] :
_ba series of ten illustrated time-travel excursions into the geological past, experiencing the faunas and floras, lakes and rivers, geysers and volcanoes that have contributed to the ancient history of Scotland /
_cNigel H. Trewin.
246 3 0 _aFossils alive!
246 3 0 _aNew walks in an old field
260 _aEdinburgh :
_bDunedin,
_cc2008.
300 _axvii, 211 p. :
_bill. (chiefly col.), col. maps.
504 _aIncludes bibliographical references (p. 204-205).
533 _aElectronic reproduction.
_bPalo Alto, Calif. :
_cebrary,
_d2013.
_nAvailable via World Wide Web.
_nAccess may be limited to ebrary affiliated libraries.
650 0 _aFossils
_zScotland.
655 7 _aElectronic books.
_2local
710 2 _aebrary, Inc.
856 4 0 _uhttp://site.ebrary.com/lib/rucke/Doc?id=10313149
_zAn electronic book accessible through the World Wide Web; click to view
999 _c165206
_d165206